| 000 | 00891nas a2200289 4500 | ||
|---|---|---|---|
| 001 | BR7906252 | ||
| 003 | BR-BrBNA | ||
| 005 | 20231205083951.0 | ||
| 007 | ta | ||
| 008 | 230509b bl.|||p| |||| 00| 00por d | ||
| 040 |
_aBR-BrBNA _bpor _cBiblioteca Nacional de Agricultura |
||
| 041 | _a(Pt) | ||
| 072 | _aK20 | ||
| 100 | 1 | _aSouza, A.P. de | |
| 100 | 1 | _aLucia, R.M.D. | |
| 100 | 1 | _aResende, G.C. de | |
| 245 | 1 | _aEstudo da densidade basica da madeira de Eucalyptus microcorys F. Muell, cultivado na regiao de Dionsio, Minas Gerais [Eucalipto; Brasil] | |
| 650 | _aAdministracao florestal | ||
| 650 | _aMadeira | ||
| 650 | _aEucalipto | ||
| 650 | _aDendrometria | ||
| 650 | _aDionisio | ||
| 650 | _aMinas Gerais | ||
| 773 | 0 |
_tRevista Arvore (Brazil) _xISSN 0100-6762 _g(1979), v. 3(1) p. 16-27 _wBR7906252 |
|
| 909 |
_a202311 _bLúcia _c55 _dLúcia Elande |
||
| 942 |
_2AGRIS _n0 _cANA |
||
| 999 |
_c102311 _d102311 |
||